000 02893cam a22003614a 4500
001 16492164
003 ASAB
005 20180827062610.0
008 101006s2010 gw a b 000 0 eng d
010 _a 2010455973
020 _a3-924774-59-5
020 _a3-924774-59-5
035 _a(OCoLC)ocn630453519
040 _aBTCTA
_beng
_cASAB
_dOHX
_dEYM
_dGWL
_dDLC
042 _alccopycat
043 _ae------
050 0 0 _b.D54 2010
100 _achristian hoffman
_91495
245 0 0 _aHIV medicine 2007
300 _a818 p. :
_bill. ;
_c23 cm.
490 1 _aSchriftenreihe des Zentrums für Europäische Rechtspolitik an der Universität Bremen, ZERP ;
_vBd. 58
500 _a"This volume makes two things available to the public: the editor's legal expert opinion commissioned by the German Ministry of Health in early 2008 ... and the proceedings of a conference organised to discuss the opinion's findings in Bremen on 9-10 October 2008"--P. 9.
504 _aIncludes bibliographical references.
505 0 0 _aGeneral political and economic conditions affecting access to life-saving medicines in the enlarged European Union / Ortwin Schulte -- Differential pricing of patent-protected pharmaceuticals for life-threatening infectious-diseases inside Europe : can compulsory licenses be employed? / Christine Godt -- Community exhaustion : does European law allow for flexibility? / Werner Schroeder -- European competition law, community-wide exhaustion and compulsory licenses : disintegrating the internal market in the public interest / Hans Ullrich -- Differential pricing : piercing of fostering the IP incentive for public health? / Geertui van Overwalle -- Price differentiation and the conundrum of exhausting principles / Heinz Goddar -- Lessons to be learned in Europe from the international discourse on patents and public health / Jerome H. Reichman -- Differential pricing of pharmaceuticals : lessons from economic theory / Sabine Richard -- Pharmaceutical pricing policy in a global market : cross-border impact on the availability and prices / Valérie Paris -- Protection and regulation of pharmaceutical in Bulgaria / Nadia Ianeva -- Intellectual property rights and access to HIV medicines in Estonia / Aleksei Kelli -- Research incentives from a public health perspective : the role of public funded research / Christian Wagner-Ahlfs.
650 0 _aDrugs
_xLaw and legislation
_zEuropean Union countries.
_91496
650 0 _aDrugs
_xPrices
_zEuropean Union countries.
_91497
650 0 _aDrugs
_vPatents.
_91498
650 0 _aCompulsory licensing of patents
_zEuropean Union countries.
_91499
650 0 _aPharmaceutical industry
_zEuropean Union countries.
_91500
700 1 _aGodt, Christine,
_d1964-
_91501
830 0 _aSchriftenreihe des Zentrums für Europäische Rechtspolitik an der Universität Bremen, ZERP ;
_vBd. 58
_91502
942 _2ddc
_cBK
999 _c479958
_d479958